| 000 | 00837nam a22002177a 4500 | ||
|---|---|---|---|
| 005 | 20251108173540.0 | ||
| 008 | 250721s2004 xx 000 0 ara d | ||
| 082 | 1 | 4 | _a218.61/ ياف |
| 100 | 1 | _aاليافي، عبد الكريم | |
| 245 | 1 | 0 | _aالدين و الإحياء الروحي في الوطن العربي اليوم : دللتهما في الحوار الثقافي مع أوروبا الغربية تباعد أم لقاء؟ / |
| 264 | 1 |
_aدمشق : _bوزارة الثقافة، _c2004. |
|
| 300 | _a112ص. | ||
| 500 | _aالكتاب مترجم باللغة الانجليزية | ||
| 650 | 1 | 7 | _aالحوار الثقافي |
| 650 | 1 | 7 | _aالحوار العربي الأوروبي |
| 650 | 1 | 7 | _aالمسلمون |
| 650 | 1 | 7 | _aالمناظرات |
| 650 | 1 | 7 | _aالغرب |
| 942 |
_2ddc _cBK |
||
| 999 |
_c106557 _d106557 |
||